000
00288nam a22001337a 4500
008
190305b xxu||||| |||| 00| 0 eng d
020
_a
0515
041
_a
eng
080
_2
17th
_a
521
100
_a
42
101
_a
AST
245
_a
An Introduction to Astromy
_c
Baker
942
_2
udc
_c
BK
999
_c
54481
_d
54481